000 01021nam a22002297a 4500
005 20240305165505.0
007 cr|||| ||||
008 180413s1994 mx |||||s|||| 00||0 spa d
020 _a968-6873-60-0
035 _a21414
040 _avLex
090 _c7738
_d7738
245 0 0 _aPatrimonio artístico de la Procuraduría General de la República
_h[Recurso electrónico] /
256 _aServicio en línea
260 _aCiudad de México:
_bBiblioteca "Lic. Emilio Portes Gil",
_c1994
300 _a1 recurso electrónico
506 1 _aDisponible solo en los productos indicados
_dvLex Global
_dvLex Global (Academic Edition, excluding Law Schools)
_dvLex Global (U.S. Academic Edition, Law Schools)
_dvLex Global (U.S. Academic Edition, excluding Law Schools)
_dvLex Global (Academic Edition, Law Schools)
650 0 4 _aHumanidades
_zMéxico
740 0 _avLex Libros (Servicio en línea)
856 4 0 _uhttps://app.vlex.com/#/sources/patrimonio-artistico-procuraduria-general-republica-21414
942 _cRAA
999 _c165975
_d165975